[Event "Uralsk-ch Men 2019"]
[Site "Khanty-Mansiysk"]
[Date "2019.03.19"]
[Round "8.1"]
[White "Drygalov, Sergey"]
[Black "Iljiushenok, Ilia"]
[Result "1/2-1/2"]
[WhiteElo "2453"]
[BlackElo "2524"]
[Annotator "TA"]
[PlyCount "81"]
[EventDate "2019.03.12"]
[EventType "swiss"]
[EventCountry "RUS"]
[SourceTitle "playchess.com"]
[Source "ChessBase"]
[SourceQuality "1"]

{[%evp 30,81,41,29,39,48,37,29,29,18,22,25,33,26,18,10,19,0,0,0,8,8,8,9,15,8,46,12,16,0,0,0,0,0,0,0,0,0,0,0,0,0,0,0,0,0,0,0,0,0,0,0,0,0]} 1. Nf3 Nf6 2. c4 g6 3. Nc3 Bg7 4. e4 d6 5. d4 O-O 6. Be2 c5 7. O-O Re8 8. d5 e6 9. Qc2 exd5 10. cxd5 a6 11. a4 Bg4 12. h3 Bxf3 13. Bxf3 Nbd7 14. Bf4 Qc7 15. a5 c4 {A75: Modern Benoni: Classical: 9...a6 10 a4 Bg4} (15... Re7 16. Ra4 Rae8 17. Bd2 Ne5 18. Be2 Ned7 19. Kh2 Qb8 20. Rfa1 Rc8 21. f4 Qc7 22. Qd3 Qb8 23. Bf3 {1-0 (51) Galanov,S (2493)-Degterev,P (2475) ICCF email 2009}) 16. Ra4 {LiveBook: 3 Games} b5 17. axb6 $1 Nxb6 {White is slightly better.} 18. Ra2 Nfd7 19. Na4 Rab8 $146 ({Predecessor:} 19... Reb8 20. Nxb6 Rxb6 21. Be2 Ne5 22. Bd2 Qe7 23. Ba5 {1-0 (41) Eriksson,A-Wiedenkeller,M (2330) Ystad 1981}) 20. Rc1 Rec8 21. Bg4 {With the idea Be3.} h5 22. Nxb6 Rxb6 23. Bxd7 Qxd7 24. Qa4 Qxa4 25. Rxa4 Bxb2 26. Rcxc4 Rxc4 27. Rxc4 $11 {[%mdl 4096] Endgame Black should prevent Rc6. KRB-KRB} a5 28. Rc6 Rb4 {The position is equal.} 29. Bxd6 Rxe4 30. Ra6 a4 31. Ra8+ Kg7 32. Bc5 Re5 (32... Rc4 {is interesting.} 33. Bf8+ Kf6 34. Kf1 g5 35. d6 Rd4) 33. Rxa4 Rxd5 34. Be3 Bf6 35. g3 Rd7 36. Ra7 Rxa7 37. Bxa7 Be5 38. Kg2 Bf6 39. Kg1 Be5 40. Kg2 Bf6 41. Kg1 {Precision: White = 74%, Black = 80%.} 1/2-1/2

[Event "Uralsk-ch Men 2019"]
[Site "Khanty-Mansiysk"]
[Date "2019.03.19"]
[Round "8.2"]
[White "Tagir, Salemgareev"]
[Black "Pridorozhni, Aleksei"]
[Result "1-0"]
[WhiteElo "2351"]
[BlackElo "2593"]
[Annotator "TA"]
[PlyCount "109"]
[EventDate "2019.03.12"]
[EventType "swiss"]
[EventCountry "RUS"]
[SourceTitle "playchess.com"]
[Source "ChessBase"]
[SourceQuality "1"]

{[%evp 9,109,31,30,34,29,41,64,37,39,45,18,34,43,9,15,11,14,15,25,17,41,38,92,92,112,107,105,109,102,105,87,92,96,88,93,74,109,66,75,89,87,95,81,92,142,153,159,89,130,66,140,140,138,138,138,118,264,262,264,264,292,138,185,0,371,358,496,264,660,662,796,816,713,802,789,738,800,796,749,723,723,745,847,615,603,604,592,604,916,862,893,879,904,902,800,796,879,807,850,832,813,781]} 1. d4 g6 2. c4 Bg7 3. e4 Nc6 4. Ne2 e5 (4... d6 5. Nbc3 e5 6. d5 Nd4 7. Be3 Nxe2 8. Bxe2 f5 9. f3 Nf6 10. O-O O-O 11. c5 Nh5 12. cxd6 cxd6 13. Rc1 Nf4 14. Kh1 a6 15. Na4 Nxe2 16. Qxe2 Bd7 {½-½ (38) Jobava,B (2627)-Nepomniachtchi,I (2763) St Petersburg 2018}) 5. d5 Nd4 6. Nxd4 {A40: Unusual replies to 1 d4} exd4 7. Bd3 c5 8. O-O {White is slightly better.} d6 9. Nd2 Nf6 10. h3 O-O 11. Nf3 Nd7 12. Bf4 $146 Ne5 13. Nxe5 dxe5 14. Bd2 a5 15. f4 exf4 (15... Qe7 $14) 16. Bxf4 $16 Qe7 17. Qf3 $1 Be5 18. Bxe5 Qxe5 19. Qf6 $1 {[%cal Rf6e5]} Qxf6 20. Rxf6 Ra6 21. Raf1 Kg7 22. R6f2 (22. R6f3 {is more complex.} Rd6 23. a3 a4 24. Kh2 Rd7 25. Rf6) 22... Rd6 23. e5 Rdd8 24. Kh2 Rde8 25. Re1 Re7 26. g4 h6 27. Kg3 Rd8 28. Rfe2 (28. h4 $142) 28... b6 29. a4 (29. h4 $16) 29... Bd7 ({Black should try} 29... h5 $1 $14) 30. b3 Bc8 31. h4 Rde8 32. Kf4 Rf8 (32... Rg8 $16 {was worth a try.}) 33. h5 $1 $18 {[%cal Rh5g6]} g5+ 34. Kg3 Rfe8 {[#]} 35. Kf3 (35. Bf5 $1 $18 {and the rest is easy.}) 35... Kf8 $16 36. Kg3 $2 (36. Bb1) 36... Kg7 $18 {[#]} 37. Bf5 $1 Kf8 {and if ...Bxf5 works, Black does fine.} 38. d6 (38. Rf2 $142 Kg7 39. Bxc8 Rxc8 40. Rf5) 38... Ra7 $2 (38... Re6 39. Rf2 Kg7) 39. Bxc8 {White is clearly winning.} Rxc8 {[%mdl 4096] Endgame KRR-KRR} 40. e6 {White wants to mate with d7.} fxe6 41. Rxe6 Rh7 42. Kf3 Rf7+ 43. Ke4 Rf4+ 44. Kd3 Rd8 45. Rxh6 {Hoping for Rh8+.} Rd7 46. Rh8+ Kg7 47. Re7+ {[%mdl 64] Double Attack} Kxh8 48. Rxd7 {aiming for Re7. KR-KR} Rf6 {and the idea ...Kg8 leaves Black hopeful.} 49. Rd8+ Kg7 50. d7 Rd6 51. Rb8 Rxd7 52. Rxb6 Re7 53. Rg6+ {[%mdl 64] Double Attack} Kf7 54. Rxg5 Re3+ 55. Kd2 {Accuracy: White = 60%, Black = 50%.} 1-0

[Event "Uralsk-ch Men 2019"]
[Site "Khanty-Mansiysk"]
[Date "2019.03.19"]
[Round "8.3"]
[White "Radzhabov, Rodion"]
[Black "Kabanov, Nikolai"]
[Result "0-1"]
[WhiteElo "2366"]
[BlackElo "2447"]
[Annotator "TA"]
[PlyCount "78"]
[EventDate "2019.03.12"]
[EventType "swiss"]
[EventCountry "RUS"]
[SourceTitle "playchess.com"]
[Source "ChessBase"]
[SourceQuality "1"]

{[%evp 18,78,-21,-59,-6,-16,27,0,0,0,0,-5,0,0,0,-79,-92,-145,-120,-260,-242,-320,-308,-312,-74,-64,-51,-58,-66,-61,53,31,128,122,126,133,110,137,203,189,177,106,497,6,30,33,52,0,0,0,0,0,0,-544,-533,-677,-668,-29990,-29991,-29991,-5310,-2718,-2718]} 1. Nf3 Nf6 2. g3 c5 3. Bg2 Nc6 4. c4 d5 5. cxd5 Nxd5 6. Nc3 Nc7 7. d3 e5 8. O-O Be7 9. b3 O-O 10. Bb2 Re8 {A34: Symmetrical English: 2 Nc3, lines with ...d5} (10... Be6 $15) (10... Be6 11. Rc1 f6 12. e3 Qd7 13. Qe2 Rfd8 14. Rfd1 Rac8 15. Ne4 Na6 16. Rd2 Kh8 17. Rcd1 Bg4 18. Qf1 f5 19. Nc3 Bf6 {0-1 (36) Iturrizaga Bonelli,E (2636)-Vidit,S (2711) chess.com INT 2018}) 11. Rc1 $11 Bf8 12. Ne4 $146 ({Predecessor:} 12. Na4 b6 13. a3 Bd7 14. Nd2 Rc8 15. b4 Nd4 16. Bxd4 cxd4 17. f4 exf4 18. Rxf4 {0-1 (68) Lauterbach,I (2027)-Redmond,J (2175) Daventry 2018}) 12... b6 {The position is equal.} 13. b4 Nxb4 14. Nxe5 ({But not} 14. Bxe5 Nxa2 15. Ra1 Nb4 $17) 14... Nxa2 15. Nc6 $1 {[%cal Rc6d8]} Qd7 16. Ra1 (16. Rc4 $11 {remains equal.}) 16... Nb4 $17 17. Nxb4 (17. Ne5 $142 Qd8 18. h4) 17... cxb4 18. Qb3 (18. Ng5 $17 {was called for.}) 18... a5 $19 19. Rac1 {intending Ng5.} Ra7 20. Qc4 Ne6 $2 (20... a4 $19 {has better winning chances. ...a3 is the strong threat.} 21. Ba1 h6) 21. Nf6+ $17 gxf6 22. Bc6 Qd8 23. Bxe8 Bc5 (23... Qxe8 $15 24. Qxc8 Qxc8 25. Rxc8 Kg7) 24. Ba4 Ng5 (24... Nd4 $14 25. Bxd4 {[%mdl 64] Pin} Be6 26. Bxf6 Qxf6) 25. d4 $16 Ba6 26. Bb5 Bxb5 27. Qxb5 Bxd4 (27... Be7 $16 {keeps fighting.}) 28. Bxd4 Qxd4 29. h4 (29. Qe8+ $18 Kg7 30. Rc8) 29... Ne4 $2 {[%mdl 8192]} (29... Ne6 $16 {is tougher.}) 30. e3 $2 (30. Qe8+ $18 Kg7 31. Rc8) 30... Qe5 31. Qxb6 Ra8 32. Qc6 (32. Rc7 $14) 32... Rb8 $11 33. Rc4 f5 34. Rd1 $36 {[%mdl 2048] Threatens to win with Rd5. White is more active.} b3 {[#] Hoping for ...b2.} 35. Rd5 $2 {[%mdl 8192]} (35. Qd7 $1 $11) 35... Qa1+ $19 36. Kg2 b2 37. Rxe4 {aiming for Rg4+!} b1=Q {[%csl Ga1][%cal Rb1h1]} 38. Re8+ Rxe8 (38... Kg7 $142 39. Qc3+ Qxc3 40. g4 Rxe8 41. h5 Qe4+ 42. f3 {[#]} Qxf3+ $1 {[%mdl 512]} 43. Kxf3 Rxe3+ 44. Kf2 Qe1+ 45. Kg2 Rg3+ {[%mdl 64] Double Attack} 46. Kh2 Qg1#) 39. Qxe8+ Kg7 {Accuracy: White = 37%, Black = 31%.} 0-1

[Event "Uralsk-ch Men 2019"]
[Site "Khanty-Mansiysk"]
[Date "2019.03.19"]
[Round "8.4"]
[White "Aleksander, Gutenev"]
[Black "Rozhkov, Viacheslav"]
[Result "1-0"]
[WhiteElo "2452"]
[BlackElo "2255"]
[Annotator "TA"]
[PlyCount "102"]
[EventDate "2019.03.12"]
[EventType "swiss"]
[EventCountry "RUS"]
[SourceTitle "playchess.com"]
[Source "ChessBase"]
[SourceQuality "1"]

{[%evp 14,102,57,14,49,24,27,12,23,0,25,-19,-12,-12,25,-58,-41,-64,-37,-33,0,0,0,0,0,0,0,0,9,6,18,14,54,34,42,10,99,24,38,28,42,30,33,21,25,12,12,12,53,47,114,87,97,99,100,99,75,66,55,70,72,48,48,64,64,22,118,45,160,41,65,63,92,86,91,0,0,0,0,0,0,-720,-703,-703,-695,-718,-689,-674,0,0,5165]} 1. e4 c5 2. Nf3 d6 3. d4 cxd4 4. Nxd4 Nf6 5. Nc3 a6 6. h3 e6 7. g4 Be7 8. Bg2 (8. g5 $5 {[%cal Rg5f6]} Nfd7 9. Be3 $14) 8... Nfd7 {B81: Sicilian Scheveningen: Keres Attack} 9. Be3 Ne5 (9... Nc6 10. h4 O-O 11. g5 Nde5 12. Qe2 Nxd4 13. Bxd4 Nc6 14. Be3 Bd7 15. f4 {½-½ (30) Dominguez Perez,L (2739)-Grischuk,A (2766) Saint Louis 2018}) 10. b3 Nbc6 11. Qd2 O-O 12. O-O-O Nxd4 13. Bxd4 Ng6 14. Rh2 $146 (14. Kb1 $11) ({Predecessor:} 14. Kb1 e5 15. Be3 Be6 16. g5 {1-0 (33) Nakhapetiane,P (2469)-Gundavaa,B (2493) Moscow 2011}) 14... Bd7 $15 15. Kb1 Rc8 16. Ne2 Qc7 17. f4 e5 18. Be3 exf4 19. Nxf4 Nxf4 20. Bxf4 Be6 21. Bf3 {[%cal Rf4d6]} Rfd8 22. g5 f6 23. Bg4 Qd7 $1 24. Rg2 Kh8 (24... fxg5 $11 25. Bxg5 Bxg5 26. Qxg5 Bxg4 27. Rxg4 g6) 25. Qe3 (25. gxf6 $16 Bxf6 26. Bxd6 (26. Qxd6 $2 Bxg4 27. Qxd7 Rxd7 $19)) 25... fxg5 26. Bxg5 Rf8 27. Bxe7 Qxe7 28. Bxe6 Qxe6 29. Qd4 {[%csl Gg2][%cal Rd4g7]} Rf7 30. Rg4 Rc6 (30... Rf6 {seems wilder.} 31. Qb4 Rc7 32. Rg3 Re7 33. Rd4 Qe5) 31. e5 {[%cal Re5d6]} Rd7 ({Black should try} 31... h6 $1 $14) 32. c4 h6 33. Kb2 Qe8 34. a4 b5 35. axb5 axb5 36. cxb5 Rc5 37. exd6 Rxb5 38. Re4 Qf7 39. Rd3 Rdb7 (39... Rb8 $1 $11 {remains equal.}) 40. Ree3 (40. Qe3 $16 Rf5 41. Re8+ Kh7 42. Qe4) 40... Qf2+ (40... Rd7 $14) 41. Rd2 ({White should play} 41. Kc1 $1 $16 Qf1+ 42. Kc2 (42. Rd1 Qf5 $16)) 41... Qf7 $14 {[%cal Rb5b3]} 42. Qa4 $1 Qf6+ 43. Ka2 Rb4 44. Qe8+ (44. Qa5 $1 $16 R4b5 45. Qa4 (45. Qa8+ Kh7 $11)) 44... Kh7 $11 45. Qe5 $1 {[%cal Re5f6]} Qf1 {aiming for ...Qc1.} 46. Kb2 $36 {[%mdl 2048] Threatens to win with d7. White has the initiative.} Ra4 {Hoping for ...Qa1+.} 47. Qc3 $2 {[%mdl 8192]} (47. Re1 $11 Rxb3+ {[%mdl 64] Remove Defender} 48. Kxb3 Qc4+ 49. Kb2 Qa2+ 50. Kc1 Rc4+ 51. Kd1 Qb1+ 52. Ke2 Re4+ 53. Qxe4+ (53. Kf3 Rxe1 54. Qd4 Qc1 $11) 53... Qxe4+ 54. Kd1 Qa4+ 55. Ke2) 47... Qa1+ $19 48. Kc2 Ra2+ 49. Kd3 {Strongly threatening Qxa1.} Qf1+ 50. Ke4 {[#]} Qh1+ $2 (50... Rb5 $1 $19 {[%mdl 512] ( -> ...Qf5+)} 51. Rf3 Qe1+ {[%mdl 64] Double Attack} 52. Re3 Qh4+ 53. Kd3 Rd5+ {[%mdl 64] Double Attack} 54. Ke2 Rdxd2+ 55. Qxd2 Rxd2+ 56. Kxd2 Qb4+ {[%mdl 64] Double Attack} 57. Rc3 Qxd6+ 58. Rd3 Qc5) 51. Kd4 $1 $11 Ra6 $2 {[%mdl 8192] Accuracy: White = 39%, Black = 43%.} (51... Ra8 $11 52. Rde2 Rf8 53. Qc2+ Kh8) 1-0

[Event "Uralsk-ch Men 2019"]
[Site "Khanty-Mansiysk"]
[Date "2019.03.19"]
[Round "8.5"]
[White "Popov, Mikhail"]
[Black "Drygalov, Andrey"]
[Result "1-0"]
[WhiteElo "2381"]
[BlackElo "2491"]
[Annotator "TA"]
[PlyCount "73"]
[EventDate "2019.03.12"]
[EventType "swiss"]
[EventCountry "RUS"]
[SourceTitle "playchess.com"]
[Source "ChessBase"]
[SourceQuality "1"]

{[%evp 9,73,-27,-16,-26,-20,-19,-20,-47,-54,-56,-27,-39,-8,-9,-12,-10,4,0,29,-25,-25,-25,0,0,0,-11,67,0,0,-31,0,0,158,161,175,184,178,176,181,162,166,166,410,388,462,462,587,543,569,572,755,752,730,724,970,455,29993,29981,29988,29989,29989,29990,29990,29991,29991,29992]} 1. e4 c5 2. Nc3 a6 3. d4 (3. Nf3 d6 4. d4 cxd4 5. Nxd4 Nf6 6. Be3 Ng4 7. Bc1 Nc6 8. Be2 Qb6 9. Bxg4 Bxg4 10. Qxg4 Qxd4 11. O-O e6 12. Rd1 Qf6 13. Qg3 Qg6 14. Bf4 Qxg3 15. Bxg3 {0-1 (67) Guseinov,G (2664)-Artemiev,V (2709) Skopje 2018}) 3... cxd4 4. Qxd4 e6 5. b3 Nc6 6. Qd2 {B23: Closed Sicilian: Lines without g3} Nf6 7. Bb2 Bb4 {Strongly threatening ...Nxe4!} 8. f3 {The position is equal.} d5 {Threatens to win with ...d4.} 9. a3 $146 ({Predecessor:} 9. exd5 Nxd5 10. Nge2 Qh4+ {1-0 (26) Gonzalez Alonso,M (1845)-Magallanes,G (1959) Barcelona 2018}) 9... Bxc3 10. Bxc3 d4 11. Bb2 {[%cal Bc3b2,Bb2a3,Ba3c5,Bc5d4][%mdl 32]} e5 12. Bd3 Be6 13. Ne2 Nd7 14. O-O (14. f4 $142) 14... f6 $11 15. a4 Nc5 16. Ba3 Nxd3 17. cxd3 Qd7 ({Better is} 17... g5 $11) 18. Rab1 (18. f4 $14) 18... g5 19. Bc5 Qc7 20. Rfc1 b6 $2 {[#]} ({Black should try} 20... h5 $11) 21. Bxd4 $1 $16 {[%mdl 512]} exd4 {[#]} (21... Nxd4 22. Rxc7) 22. Nxd4 $1 {[%mdl 512]} Bd7 {[#]} (22... Nxd4 23. Rxc7) 23. Nxc6 $1 Bxc6 24. Qc3 $1 {[%csl LRc6,LRf6]} Rc8 25. Qxf6 Rg8 $2 (25... Rf8 {keeps fighting.} 26. Qe6+ (26. Qxg5 Qd6 $16) 26... Kd8) 26. d4 $18 {[%cal Bd3d4,Bd4d5,Bd5d6][%mdl 32]} Qd7 27. d5 Bb7 28. Rxc8+ Bxc8 29. Rc1 {Hoping for d6.} Bb7 30. d6 Qg7 31. Qe6+ Kf8 32. e5 (32. Kf1 $142 {White wants to mate with d7.} Qf7 33. Qxf7+ Kxf7 34. Rc7+ Ke6 35. Rxb7) 32... g4 (32... Qf7 $18 33. Qxf7+ Kxf7) 33. Rc7 {White mates.} gxf3 34. Rxg7 Rxg7 35. Qf6+ Kg8 36. Qd8+ Kf7 37. Qe7+ {Precision: White = 62%, Black = 34%.} 1-0

[Event "Uralsk-ch Men 2019"]
[Site "Khanty-Mansiysk"]
[Date "2019.03.19"]
[Round "8.6"]
[White "Oleg, Loskutov"]
[Black "Alexei, Bezgodov"]
[Result "0-1"]
[WhiteElo "2380"]
[BlackElo "2464"]
[Annotator "TA"]
[PlyCount "89"]
[EventDate "2019.03.12"]
[EventType "swiss"]
[EventCountry "RUS"]
[SourceTitle "playchess.com"]
[Source "ChessBase"]
[SourceQuality "1"]

{[%evp 17,89,11,35,6,0,2,20,6,0,0,0,4,9,1,2,7,8,0,0,0,0,0,0,-3,0,-19,0,0,0,0,0,-7,-13,-16,-18,-33,-30,-39,-39,-33,-27,-31,-31,-50,-31,-31,-25,-210,-45,-51,-40,-64,-44,-66,-68,-67,-67,-75,-68,-73,-7,-7,-7,-205,0,-185,-158,-342,-355,-581,-588,-1363,-1314,-1129]} 1. e4 e5 2. Nf3 Nc6 3. Bb5 a6 4. Ba4 Nf6 5. O-O Be7 6. Re1 b5 7. Bb3 d6 8. c3 O-O 9. a3 Be6 10. d4 {C90: Closed Ruy Lopez with 7...d6: Early deviations} Bxb3 11. Qxb3 d5 12. exd5 {The position is equal.} Na5 13. Qc2 exd4 14. cxd4 Nxd5 15. Nc3 {Strongly threatening Nxd5.} Nxc3 16. Qxc3 Nc4 {[#]} 17. b3 $146 ({Predecessor:} 17. a4 Bf6 {½-½ (93) Nijboer,F (2586)-Hamdouchi,H (2588) Wijk aan Zee 2004}) 17... Nb6 18. Bd2 Bd6 19. Qc2 Qf6 20. a4 Qg6 21. Qc1 Qf5 22. Qc6 Qd5 23. Qc2 f6 24. Re3 Rae8 25. axb5 axb5 26. Rae1 Rxe3 27. fxe3 f5 28. e4 fxe4 29. Rxe4 Nd7 30. Re1 Nf6 31. Bg5 Ng4 32. h3 $2 {[#]} (32. Qe4 $11 Qxe4 33. Rxe4) 32... Nh2 $2 (32... Rxf3 $1 $19 33. gxf3 Nh2) 33. Nxh2 $15 {And now Be3 would win.} Qxg5 34. Ng4 Qf4 35. Qc3 h5 36. Ne5 Qf2+ $40 {[%mdl 128] Black attacks.} 37. Kh1 Rf4 38. b4 Rxd4 ({Black should try} 38... g6 $17 39. Rd1 Qe2) 39. Qb3+ $11 Rc4 40. Nf3 $2 {[#]} (40. Qd1 $1 $11 Rd4 41. Qb3+ Rc4 42. Qd1) 40... Bxb4 $2 (40... g6 $1 $19 {...Kh7 is the strong threat.} 41. Qd1 Rxb4) 41. Rd1 $2 (41. Qd3 $11 Bxe1 42. Qd5+ Kf8 43. Qd8+ Kf7 44. Qd5+ Kf6 45. Qe5+ Kf7 46. Qd5+ Ke7 47. Qe5+ Kf8 48. Qf5+ Ke7 49. Qe5+ Kf8 50. Qf5+ Kg8 51. Qd5+ Kh8 52. Qxh5+ Kg8 53. Qd5+ Kh8 54. Qh5+ Kg8 55. Qe8+ {[%mdl 64] Double Attack} Kh7 56. Qh5+ Kg8) 41... Qc2 42. Rd8+ $2 (42. Qxc2 $17 {was forced.} Rxc2 43. Nd4) 42... Kh7 43. Ng5+ $2 (43. Qxc2+ {might work better.} Rxc2 44. Kg1) 43... Kg6 $19 44. Qf3 {Qf7+ would kill now.} Qc1+ 45. Kh2 {Accuracy: White = 30%, Black = 61%.} 0-1

[Event "Uralsk-ch Men 2019"]
[Site "Khanty-Mansiysk"]
[Date "2019.03.20"]
[Round "9.1"]
[White "Salemgareev, Tagir"]
[Black "Drygalov, Sergey"]
[Result "1/2-1/2"]
[WhiteElo "2351"]
[BlackElo "2453"]
[Annotator "TA"]
[PlyCount "37"]
[EventDate "2019.03.12"]
[EventType "swiss"]
[EventCountry "RUS"]
[SourceTitle "playchess.com"]
[Source "ChessBase"]
[SourceQuality "1"]

{[%evp 36,37,0,0]} 1. e4 e6 2. d4 d5 3. Nc3 Bb4 4. e5 c5 5. a3 Bxc3+ 6. bxc3 Ne7 7. Qg4 Qc7 8. Qxg7 Rg8 9. Qxh7 cxd4 10. Ne2 Nbc6 11. f4 Bd7 12. Qd3 dxc3 13. Nxc3 a6 14. Rb1 Rc8 15. Ne2 {[#]} Na5 $146 ({Predecessor:} 15... Na7 16. Be3 Bb5 17. Qd2 Nac6 18. Ng3 Bxf1 19. Bb6 Qd7 20. Nh5 Rg6 21. Rxf1 d4 22. Nf6+ Rxf6 23. exf6 {1-0 (46) Volokitin,A (2695)-Gdanski,J (2538) Warsaw 2011}) 16. Nd4 Nac6 17. Ne2 Na5 18. Nd4 Nac6 19. Ne2 1/2-1/2

[Event "Uralsk-ch Men 2019"]
[Site "Khanty-Mansiysk"]
[Date "2019.03.20"]
[Round "9.2"]
[White "Iljiushenok, Ilia"]
[Black "Kabanov, Nikolai"]
[Result "1/2-1/2"]
[WhiteElo "2524"]
[BlackElo "2447"]
[Annotator "TA"]
[PlyCount "134"]
[EventDate "2019.03.12"]
[EventType "swiss"]
[EventCountry "RUS"]
[SourceTitle "playchess.com"]
[Source "ChessBase"]
[SourceQuality "1"]

{[%evp 14,134,20,20,29,22,32,15,25,19,9,14,28,12,35,31,37,28,31,9,11,19,15,16,33,6,96,96,284,293,290,285,269,272,639,628,848,876,703,864,864,880,842,747,689,684,873,873,873,855,799,787,676,241,241,233,233,231,230,229,230,220,214,205,329,327,311,291,324,194,221,220,220,189,204,57,57,57,57,57,57,57,57,57,97,97,97,97,97,18,18,18,59,59,59,59,59,0,59,59,59,59,59,18,18,18,59,59,59,59,59,59,59,59,59,59,59,59,59,59,59,59,59]} 1. e4 c5 2. Nf3 e6 3. d4 cxd4 4. Nxd4 Nc6 5. Nc3 a6 6. Be3 Nf6 7. a3 Qc7 8. f4 d5 {B48: Sicilian: Taimanov: 5 Nc3 Qc7 6 Be3 a6 without Be2} (8... d6 9. Qf3 Be7 10. Nxc6 bxc6 11. g4 Rb8 12. g5 Nd7 13. b3 d5 14. Bg2 h6 15. h4 hxg5 16. hxg5 Rxh1+ 17. Bxh1 Qa5 {1-0 (42) Sjugirov,S (2663)-Morozevich,A (2656) Khanty-Mansiysk 2018}) 9. e5 Nd7 10. Qd2 Be7 {The position is equal.} 11. Be2 O-O 12. O-O Nxd4 13. Bxd4 b5 {[#]} 14. Bd3 $146 Nc5 15. Qe3 Bb7 16. f5 exf5 $1 17. Bxf5 $40 {[%mdl 128] Black must now prevent e6. White attacks.} Ne6 18. Qh3 {[%csl Gf5][%cal Rh3h7]} Ng5 19. Qg4 g6 (19... Bc5 $11) 20. h4 $1 $16 h5 $2 (20... Bc5 $16) 21. Qg3 $1 $18 Bc5 22. Bxc5 $1 Qxc5+ 23. Kh1 $1 Ne4 $2 (23... Qe7 24. hxg5 gxf5 25. Rxf5 (25. g6 fxg6 26. Qxg6+ {[%mdl 64] Double Attack} Qg7 $14) 25... Rae8) 24. Nxe4 dxe4 {[#]} 25. Bxg6 $1 {[%mdl 512]} fxg6 26. Qxg6+ {[%mdl 64] Double Attack} Kh8 27. Qh6+ Kg8 28. Rf6 Rxf6 29. exf6 {[%csl Gf6][%cal Rh6g7]} Qf8 30. Qg6+ Kh8 31. Qxh5+ Kg8 32. Qg6+ Kh8 33. Rd1 $2 (33. Rf1 {White wants to mate with Rf5.} Qg8 34. Qh5+ Qh7 35. Qe5 Qxh4+ 36. Kg1) 33... Qg8 34. Qh6+ Qh7 35. Qxh7+ Kxh7 {[%mdl 4096] Endgame KRB-KR} 36. Rd7+ {[%mdl 64] Double Attack} Kg6 37. Rxb7 Kxf6 {KR-KR} 38. Kg1 Rd8 (38... Rc8 $142 39. c3 Rd8) 39. Kf2 Rd2+ 40. Ke3 Rxg2 41. Rc7 (41. Kxe4 $142 Rxc2 42. Rb6+ Ke7 43. b4 (43. Rxa6 Rxb2 44. Kf5 Rf2+ 45. Kg5 Rg2+ 46. Kf5 Rf2+ 47. Kg5 Rg2+ 48. Kf5 Rf2+ $16)) 41... Ke5 42. Rc5+ Kd6 {[#]} 43. b4 $1 Rg3+ {[#]} 44. Kxe4 (44. Kd4 $1 $18) 44... Rg4+ $14 45. Kd3 {Hoping for h5.} Rxh4 46. Kc3 Rh3+ 47. Kb2 Rg3 48. c3 Rg8 49. Kb3 Rb8 50. a4 Kd7 51. axb5 (51. Rh5 $16) 51... axb5 $11 52. Kc2 Kd6 53. Kd3 Rb7 54. Kd4 Rb8 $1 55. Kd3 Rb7 $1 56. Ke4 Rb6 57. Rh5 {Threatens to win with Rh6+.} Rb8 $1 58. Rh6+ Kc7 59. Kd5 {aiming for Kc5.} Kb7 60. Kc5 {Rb6+ is the strong threat.White is slightly better.} Rc8+ $1 61. Kxb5 Rxc3 62. Rh7+ Kb8 63. Kb6 $1 {Intending Rh8+ and mate.} Rc8 $1 64. b5 {[%cal Bb4b5,Bb5b6][%mdl 32]} Rg8 65. Ka6 Rg6+ 66. b6 {Threatening mate with Rh8+.} Rg8 67. Rb7+ Ka8 $1 {Accuracy: White = 69%, Black = 62%.} 1/2-1/2